000
00251nam a2200109Ia 4500
008
230907s9999||||xx |||||||||||||| ||und||
082
_a
576.82
_b
MEY
100
_a
Meyer, Stephen C.
245
0
_a
Explosives /
300
_a
xiii, 430 p. :
942
_c
BK
999
_c
599363
_d
599363